Реферативный журнал Электронное издание. 13Б. Математический анализ №7. 2017 (ბიბ.ჩანაწერი № 54480)
[ მარტივი ფორმატი ]
| 000 -LEADER | |
|---|---|
| fixed length control field | 00665nam a2200193Ia 4500 |
| 001 - CONTROL NUMBER | |
| control field | 21542 |
| 003 - CONTROL NUMBER IDENTIFIER | |
| control field | GE_BSU |
| 008 - FIXED-LENGTH DATA ELEMENTS--GENERAL INFORMATION | |
| fixed length control field | 181216s||||||||xx |||||||||||||| ||und|| |
| 040 ## - CATALOGING SOURCE | |
| Transcribing agency | GE_BSU |
| 245 ## - TITLE STATEMENT | |
| Title | Реферативный журнал Электронное издание. 13Б. Математический анализ №7. 2017 |
| 260 ## - PUBLICATION, DISTRIBUTION, ETC. | |
| Place of publication, distribution, etc. | Москва |
| 260 ## - PUBLICATION, DISTRIBUTION, ETC. | |
| Date of publication, distribution, etc. | 2017 |
| 300 ## - PHYSICAL DESCRIPTION | |
| Extent | cd |
| 653 ## - INDEX TERM--UNCONTROLLED | |
| Uncontrolled term | cd |
| 653 ## - INDEX TERM--UNCONTROLLED | |
| Uncontrolled term | Математика |
| 653 ## - INDEX TERM--UNCONTROLLED | |
| Uncontrolled term | Реферативный журнал Электронное издание. 13Б. Математический анализ №7. 2017 |
| 653 ## - INDEX TERM--UNCONTROLLED | |
| Uncontrolled term | მათემატიკა |
| 942 ## - ADDED ENTRY ELEMENTS (KOHA) | |
| Koha item type | კომპიუტერის ფაილები |
არაა ხელმისაწვდომი ეგზემპლარები.
